000 00324nam a22001095i 4500
020 _a9788119635535
082 _a823 THA/W
245 0 2 _aA wonderland of words :
_baround the word in 101 essays /
_cby Shashi Tharoor.
260 _a. - Aleph book company
_b: New Delhi
_c, 2024
300 _axxviii, 442 pages
942 _2ddc
_cBK
999 _c749052
_d749052